Statistics for Lord of the Rings Geography Quiz #1

Click here to take the quiz!

General Stats

  • This quiz has been taken 2,929 times
    (2,918 since last reset)
  • The average score is 9 of 15

Answer Stats

HintAnswer% Correct
The Hobbit Land:The Shire
92%
The Black Lands is also called:Mordor
90%
The land of the Horse-lords:Rohan
89%
The Land south of Rohan is:Gondor
80%
The Forest of the Ents:Fangorn
78%
The Great Forest of the Elves:Mirkwood
70%
The Golden Wood:Loth-lorien
67%
The island that sunk:Numenor
59%
The mountains between Arnor and Rohan:The Misty Mountains
58%
The Undying Lands was also called:Valinor
48%
The Land to the far east was called:Rhun
38%
The Land to the south:Harad
36%
The Lost realm of:Arnor
33%
The Land beside Mordor:Khand
13%
The great ice field in the north:Helcaraxe
10%

Score Distribution

Percentile by Number Answered

Percent of People with Each Score

Your Score History

You have not taken this quiz since the last reset